[Event "Titled Tuesday intern op 30th Apr Early"]
[Site "Chess.com INT"]
[Date "2024.04.30"]
[Round "2"]
[White "Berezin, Viktor1"]
[Black "Chan, Naruna"]
[Result "1-0"]
[WhiteElo "2307"]
[BlackElo "1977"]
[PlyCount "141"]
[EventDate "2024.04.30"]
[EventType "swiss (blitz)"]
[EventRounds "11"]
[EventCountry "USA"]
[SourceTitle "CB19_2024"]
[SourceDate "2024.05.08"]
[SourceVersion "1"]
[SourceVersionDate "2024.05.08"]
[SourceQuality "1"]

1. d4 d5 2. c4 e6 3. Nf3 Nf6 4. g3 Bb4+ 5. Bd2 Bxd2+ 6. Nbxd2 0-0 7. Bg2 c6 8. 0-0 Ne4 9. Qc2 f5 10. Rfd1 Nd7 11. Rac1 Ndf6 12. Ne5 Bd7 13. f3 Nxd2 14. Qxd2 Be8 15. Qe3 Qe7 16. Qb3 Bf7 17. a4 Rab8 18. a5 Nd7 19. Nxf7 Qxf7 20. e3 Nf6 21. Qa3 Rfe8 22. b4 e5 23. b5 dxc4 24. dxe5 Rxe5 25. f4 Rxb5 26. a6 Rb3 27. Qd6 Re8 28. axb7 Rxb7 29. Bxc6 Rxe3 30. Qd8+ Re8 31. Bxe8 Qxe8 32. Rxc4 Qxd8 33. Rxd8+ Kf7 34. Rc2 Ng4 35. Ra2 Rb1+ 36. Kg2 Ne3+ 37. Kf3 Nf1 38. Rd7+ Kg6 39. Rdxa7 Rb3+ 40. Kg2 Ne3+ 41. Kh3 Ng4 42. R2a6+ Nf6 43. Ra2 Kh6 44. R7a6 Rb4 45. R2a5 Kg6 46. Re6 Rb2 47. Rd6 Rc2 48. Rb6 Rd2 49. Ra7 Kh6 50. Rf7 Kg6 51. Rfb7 Kh6 52. Rb2 Rd6 53. Kg2 Ng4 54. h3 Ne3+ 55. Kf3 Nc4 56. Rc2 Nd2+ 57. Kg2 Ne4 58. Rb5 Rd3 59. Rxf5 Nxg3 60. Rc6+ g6 61. Rf7 Nh5 62. Rcc7 Rd2+ 63. Kf3 g5 64. Rxh7+ Kg6 65. f5+ Kxf5 66. Rxh5 Rd3+ 67. Kg2 Rd2+ 68. Kg3 Rd3+ 69. Kf2 Rd2+ 70. Ke3 Rh2 71. Rc5+ 1-0

[Event "Titled Tuesday intern op 30th Apr Early"]
[Site "Chess.com INT"]
[Date "2024.04.30"]
[Round "4"]
[White "Chan, Naruna"]
[Black "Kleibel, Uwe"]
[Result "1-0"]
[WhiteElo "1977"]
[BlackElo "2302"]
[PlyCount "129"]
[EventDate "2024.04.30"]
[EventType "swiss (blitz)"]
[EventRounds "11"]
[EventCountry "USA"]
[SourceTitle "CB19_2024"]
[SourceDate "2024.05.08"]
[SourceVersion "1"]
[SourceVersionDate "2024.05.08"]
[SourceQuality "1"]

1. e4 c5 2. c3 e6 3. d4 cxd4 4. cxd4 d5 5. Nc3 dxe4 6. Nxe4 Be7 7. Nf3 Nf6 8. Bd3 Nxe4 9. Bxe4 Nd7 10. 0-0 Nf6 11. Bc2 h6 12. Qd3 Bd7 13. Rd1 Bc6 14. Ne5 Qd5 15. Nxc6 bxc6 16. Bf4 0-0 17. Be5 g6 18. Qg3 Nh5 19. Qh3 c5 20. Qg4 Nf6 21. Qh4 Kg7 22. Bb3 c4 23. Bc2 g5 24. Qg3 Rg8 25. Re1 Kf8 26. Bxf6 Bxf6 27. Be4 Qd8 28. Bxa8 Qxa8 29. Rac1 Qd5 30. Qb8+ Kg7 31. Qxa7 Bxd4 32. Qc7 Bxb2 33. Rxc4 Ra8 34. a4 Bd4 35. Qc6 Qxc6 36. Rxc6 Rxa4 37. Rc2 e5 38. g3 g4 39. Kg2 Kg6 40. h3 h5 41. hxg4 hxg4 42. Re4 Kf5 43. Ree2 Ra3 44. Ra2 Rf3 45. Red2 f6 46. Re2 Rd3 47. Ra4 Rb3 48. Raa2 Ke6 49. Ra6+ Kf5 50. Rc6 Rb5 51. Rc4 Ke6 52. Rxd4 Kf5 53. Rc4 Kg5 54. Ree4 Ra5 55. Rxg4+ Kf5 56. Rh4 Ke6 57. Rh6 Ra2 58. Rc6+ Kf5 59. Rcxf6+ Ke4 60. Rh4+ Kd5 61. Rh5 Kd4 62. Re6 Re2 63. Rexe5 Rxe5 64. Rxe5 Kxe5 65. Kf3 1-0

[Event "Titled Tuesday intern op 23rd Apr Late"]
[Site "Chess.com INT"]
[Date "2024.04.23"]
[Round "5"]
[White "Chan, Naruna"]
[Black "Ozates, Tuna"]
[Result "0-1"]
[WhiteElo "1977"]
[BlackElo "2290"]
[PlyCount "56"]
[EventDate "2024.04.23"]
[EventType "swiss (blitz)"]
[EventRounds "11"]
[EventCountry "USA"]
[SourceTitle "CB18_2024"]
[SourceDate "2024.05.01"]
[SourceVersion "1"]
[SourceVersionDate "2024.05.01"]
[SourceQuality "2"]

1. e4 c5 2. c3 d5 3. exd5 Nf6 4. d4 cxd4 5. cxd4 Nxd5 6. Nf3 Nc6 7. Nc3 Bg4 8. Be2 e6 9. 0-0 Be7 10. h3 Bh5 11. g4 Bg6 12. Ne5 Nxe5 13. dxe5 Nxc3 14. bxc3 0-0 15. Qxd8 Rfxd8 16. Bf3 Rac8 17. Bxb7 Rxc3 18. Be3 h5 19. a4 hxg4 20. hxg4 Rc4 21. f3 a5 22. Ba6 Rc3 23. Bb6 Rd5 24. Bb5 Rxe5 25. Bxa5 Bc5+ 26. Kg2 Rc2+ 27. Kg3 Re3 28. Rac1 Bd6+ 0-1

[Event "Amazons Pride Blitz"]
[Site "Chess.com INT"]
[Date "2021.10.23"]
[Round "9"]
[White "Abrahamyan, Tatev"]
[Black "Chan, Naruna"]
[Result "0-1"]
[WhiteElo "2344"]
[BlackElo "1940"]
[PlyCount "46"]
[EventDate "2021.10.23"]
[EventType "swiss (blitz)"]
[EventRounds "9"]
[EventCountry "USA"]
[SourceTitle "CBM 204 Extra"]
[Source "ChessBase"]
[SourceDate "2021.11.30"]
[SourceVersion "1"]
[SourceVersionDate "2021.11.30"]
[SourceQuality "1"]

1. e4 c5 2. Nf3 Nc6 3. d4 cxd4 4. Nxd4 e5 5. Nb5 d6 6. c4 Be7 7. N1c3 a6 8. Na3 Be6 9. Be2 Nf6 10. 0-0 0-0 11. Be3 Ne8 12. Nc2 Bg5 13. Bxg5 Qxg5 14. Nd5 Bxd5 15. Qxd5 Rd8 16. Rad1 Nc7 17. Qd3 Ne6 18. Ne3 Nf4 19. Qd2 Nd4 20. Bg4 h5 21. h4 Qxh4 22. g3 Qg5 23. Ng2 hxg4 0-1

[Event "RUS-ch blitz (Women)"]
[Site "Sochi"]
[Date "2019.10.17"]
[Round "2"]
[White "Styazhkina, Anna"]
[Black "Chan, Naruna"]
[Result "1-0"]
[WhiteElo "2280"]
[BlackElo "1936"]
[PlyCount "45"]
[EventDate "2019.10.17"]
[EventType "swiss (blitz)"]
[EventRounds "15"]
[EventCountry "RUS"]
[SourceTitle "CBM 192 Extra"]
[Source "Chessbase"]
[SourceDate "2019.11.06"]
[SourceVersion "1"]
[SourceVersionDate "2019.11.06"]
[SourceQuality "1"]

1. e4 c5 2. Nf3 Nc6 3. d4 cxd4 4. Nxd4 e5 5. Nb5 d6 6. N1c3 a6 7. Na3 Be6 8. Nc4 b5 9. Ne3 Be7 10. a4 b4 11. Ncd5 Bg5 12. Nc4 Bxc1 13. Rxc1 Rb8 14. Nde3 Ke7 15. Be2 Nf6 16. f3 Re8 17. 0-0 Bxc4 18. Bxc4 Qb6 19. Qd2 Kf8 20. Kh1 Red8 21. Nf5 Nd4 22. Nxg7 Kxg7 23. Qg5+ 1-0

[Event "RUS-ch rapid (Women)"]
[Site "Sochi"]
[Date "2019.10.16"]
[Round "7"]
[White "Chan, Naruna"]
[Black "Chernyak, Viktoria"]
[Result "0-1"]
[WhiteElo "1890"]
[BlackElo "2284"]
[PlyCount "88"]
[EventDate "2019.10.15"]
[EventType "swiss"]
[EventRounds "11"]
[EventCountry "RUS"]
[SourceTitle "CBM 192 Extra"]
[Source "Chessbase"]
[SourceDate "2019.11.06"]
[SourceVersion "1"]
[SourceVersionDate "2019.11.06"]
[SourceQuality "1"]

1. e4 c6 2. d4 d5 3. e5 Bf5 4. h4 h5 5. Bd3 Bxd3 6. Qxd3 e6 7. Nf3 Ne7 8. Bg5 Qb6 9. b3 Nf5 10. 0-0 c5 11. c4 dxc4 12. Qxc4 Qc6 13. Nc3 cxd4 14. Nb5 Qxc4 15. bxc4 Na6 16. Nfxd4 Nxd4 17. Nxd4 Bc5 18. Rfd1 0-0 19. Nb3 Ba3 20. Rab1 Rfc8 21. Rd7 b6 22. Rd4 Nb4 23. g4 Nc6 24. Re4 hxg4 25. Rbe1 g3 26. fxg3 Rc7 27. h5 Bf8 28. Rd1 Rac8 29. Kg2 Nb4 30. Rdd4 Nxa2 31. Rg4 Kh7 32. Rgf4 Nb4 33. Nd2 Nc2 34. Rde4 a5 35. Re2 Nb4 36. Ref2 Nd3 37. Rxf7 Nxf2 38. Rxf2 a4 39. Rf1 a3 40. Ra1 Rd7 41. Ra2 Rd3 42. Nb1 Rxc4 43. Nd2 Ra4 44. Kf2 Bc5+ 0-1

[Event "Skalica op"]
[Site "Skalica"]
[Date "2019.08.30"]
[Round "8"]
[White "Chan, Naruna"]
[Black "Rakovsky, Jakub"]
[Result "1-0"]
[WhiteElo "1950"]
[BlackElo "1765"]
[PlyCount "51"]
[EventDate "2019.08.25"]
[EventType "swiss"]
[EventRounds "9"]
[EventCountry "SVK"]
[SourceTitle "EXT 2020"]
[Source "ChessBase"]
[SourceDate "2019.10.17"]
[SourceVersion "1"]
[SourceVersionDate "2019.10.17"]
[SourceQuality "1"]

1. e4 c5 2. c3 e5 3. Nf3 Nc6 4. d4 cxd4 5. cxd4 exd4 6. Nxd4 Nf6 7. Nc3 Bb4 8. Nxc6 bxc6 9. Bd3 d5 10. 0-0 Bxc3 11. bxc3 dxe4 12. Bc2 0-0 13. Qxd8 Rxd8 14. Bg5 Ba6 15. Rfe1 Bd3 16. Bb3 Rd6 17. Rad1 Rad8 18. Be3 R6d7 19. Bd4 Re7 20. Rxd3 exd3 21. Rxe7 d2 22. Bd1 Nd5 23. Re2 c5 24. Be5 Re8 25. Rxd2 Nb6 26. Re2 1-0

[Event "Skalica op"]
[Site "Skalica"]
[Date "2019.08.25"]
[Round "1"]
[White "Karas, Marek"]
[Black "Chan, Naruna"]
[Result "1-0"]
[WhiteElo "2233"]
[BlackElo "1950"]
[PlyCount "101"]
[EventDate "2019.08.25"]
[EventType "swiss"]
[EventRounds "9"]
[EventCountry "SVK"]
[SourceTitle "EXT 2020"]
[Source "ChessBase"]
[SourceDate "2019.10.17"]
[SourceVersion "1"]
[SourceVersionDate "2019.10.17"]
[SourceQuality "1"]

1. d4 d5 2. c4 e6 3. Nf3 Nf6 4. e3 Be7 5. Bd3 0-0 6. 0-0 a6 7. Nbd2 c5 8. dxc5 Bxc5 9. a3 dxc4 10. Nxc4 b5 11. Nce5 Bb7 12. Qe2 Bd6 13. b4 Nbd7 14. Bb2 Nxe5 15. Nxe5 Bxe5 16. Bxe5 Bxg2 17. Rfd1 Bd5 18. e4 Bc6 19. Rac1 Nd7 20. Bb2 Rc8 21. Qg4 Nf6 22. Qf4 Qe7 23. Rc5 Rfd8 24. Rg5 Ne8 25. Rg3 f6 26. Kh1 e5 27. Qh4 Bd7 28. Rdg1 Be6 29. Bf1 Rd2 30. Bxe5 Rxf2 31. Bd4 Rxf1 32. Rxf1 Kh8 33. e5 Qb7+ 34. Kg1 f5 35. Rh3 h6 36. Bc5 Nc7 37. Qf4 Nd5 38. Qd2 Re8 39. Rd3 Nb6 40. Rd8 Rg8 41. Rxg8+ Bxg8 42. Qg2 Qc7 43. Rxf5 Nc4 44. Qe4 Qd7 45. Bd4 Qe8 46. Rf2 Qh5 47. h4 Bh7 48. Rf8+ Bg8 49. e6 Qd1+ 50. Kh2 Qd2+ 51. Rf2 1-0

[Event "Pardubice Czech op-B 30th"]
[Site "Pardubice"]
[Date "2019.07.27"]
[Round "9"]
[White "Chandreyee, Hajra"]
[Black "Chan, Naruna"]
[Result "1-0"]
[WhiteElo "1868"]
[BlackElo "1985"]
[PlyCount "77"]
[EventDate "2019.07.19"]
[EventType "swiss"]
[EventRounds "9"]
[EventCountry "CZE"]
[SourceTitle "EXT 2020"]
[Source "ChessBase"]
[SourceDate "2019.10.17"]
[SourceVersion "1"]
[SourceVersionDate "2019.10.17"]
[SourceQuality "1"]

1. e4 c5 2. Nf3 Nc6 3. Bb5 g6 4. Bxc6 bxc6 5. 0-0 Bg7 6. c3 Nh6 7. d3 f6 8. Be3 d6 9. h3 Nf7 10. Nh2 e5 11. a4 0-0 12. Nd2 Be6 13. a5 Qc7 14. a6 Rab8 15. Qc2 Rb5 16. Nc4 Rfb8 17. Rfb1 Bxc4 18. dxc4 Ra5 19. Nf1 Bh6 20. Bxh6 Nxh6 21. Qd2 Nf7 22. b4 Rxa1 23. Rxa1 cxb4 24. cxb4 Ng5 25. Ng3 Ne6 26. Ne2 Ng5 27. Ng3 Nf7 28. Rb1 Rb6 29. b5 Ng5 30. Rd1 cxb5 31. Qd5+ Nf7 32. cxb5 Qb8 33. Qe6 Kg7 34. Ne2 Rxb5 35. Nc3 Rc5 36. Nd5 Qd8 37. Rb1 Rxd5 38. Qxd5 Qc7 39. Kh2 1-0

[Event "Pardubice Czech op-B 30th"]
[Site "Pardubice"]
[Date "2019.07.21"]
[Round "3"]
[White "Chyzynski, David"]
[Black "Chan, Naruna"]
[Result "0-1"]
[WhiteElo "1775"]
[BlackElo "1985"]
[PlyCount "66"]
[EventDate "2019.07.19"]
[EventType "swiss"]
[EventRounds "9"]
[EventCountry "CZE"]
[SourceTitle "EXT 2020"]
[Source "ChessBase"]
[SourceDate "2019.10.17"]
[SourceVersion "1"]
[SourceVersionDate "2019.10.17"]
[SourceQuality "1"]

1. d4 d5 2. Nf3 Nf6 3. Bf4 e6 4. e3 c5 5. c3 Bd6 6. Bg3 0-0 7. Bd3 Nc6 8. Nbd2 Re8 9. Ne5 Qc7 10. f4 cxd4 11. exd4 g6 12. 0-0 Nh5 13. Bh4 Be7 14. Qg4 Bf8 15. Rf3 Bg7 16. Raf1 f5 17. Qh3 Qb6 18. Nb3 Nxe5 19. fxe5 Bxe5 20. g4 Ng7 21. Kh1 Bd6 22. Bf6 Qc7 23. gxf5 exf5 24. Rg1 Qf7 25. Bxg7 Qxg7 26. Bxf5 Bxf5 27. Rxf5 Re2 28. Rxd5 Rxh2+ 29. Qxh2 Bxh2 30. Kxh2 Re8 31. Rg2 Qh6+ 32. Kg1 Re1+ 33. Kf2 Qe3# 0-1

[Event "RUS-chT (Women)"]
[Site "Sochi"]
[Date "2019.05.10"]
[Round "9.3"]
[White "Chan, Naruna"]
[Black "Bivol, Alina"]
[Result "0-1"]
[WhiteElo "1985"]
[BlackElo "2393"]
[PlyCount "74"]
[EventDate "2019.05.01"]
[EventType "team-swiss"]
[EventRounds "9"]
[EventCountry "RUS"]
[SourceTitle "CBM 190 Extra"]
[Source "ChessBase"]
[SourceDate "2019.07.15"]
[SourceVersion "1"]
[SourceVersionDate "2019.07.15"]
[SourceQuality "1"]
[WhiteTeam "Samara Region Bukavushki (W)"]
[BlackTeam "Moscow Legacy Square (W)"]
[WhiteTeamCountry "RUS"]
[BlackTeamCountry "RUS"]

1. e4 e6 2. d4 d5 3. Nd2 c5 4. exd5 exd5 5. Ngf3 Nf6 6. Bb5+ Bd7 7. Bxd7+ Nbxd7 8. 0-0 Be7 9. Re1 0-0 10. dxc5 Nxc5 11. Nb3 Nce4 12. h3 Re8 13. Be3 Qd7 14. c3 b5 15. Qd3 a5 16. Red1 Qb7 17. Nbd4 b4 18. cxb4 axb4 19. Nf5 Bc5 20. Bxc5 Nxc5 21. Qd4 Ne6 22. Qh4 Qb6 23. Nh6+ Kf8 24. Ng4 Nxg4 25. hxg4 Kg8 26. Rxd5 Nf4 27. Rd2 Ng6 28. Qh2 Red8 29. Qg3 Rxd2 30. Nxd2 Qd4 31. Qf3 Re8 32. Nb3 Qxb2 33. Qd1 Nf4 34. Qd2 Ne2+ 35. Kf1 Qe5 36. f3 Qh2 37. Kf2 Nf4 0-1

[Event "RUS-chT (Women)"]
[Site "Sochi"]
[Date "2019.05.01"]
[Round "1.3"]
[White "Chan, Naruna"]
[Black "Belenkaya, Dina"]
[Result "0-1"]
[WhiteElo "1985"]
[BlackElo "2315"]
[PlyCount "118"]
[EventDate "2019.05.01"]
[EventType "team-swiss"]
[EventRounds "9"]
[EventCountry "RUS"]
[SourceTitle "CBM 190 Extra"]
[Source "ChessBase"]
[SourceDate "2019.07.15"]
[SourceVersion "1"]
[SourceVersionDate "2019.07.15"]
[SourceQuality "1"]
[WhiteTeam "Samara Region Bukavushki (W)"]
[BlackTeam "St Petersburg SShOR (W)"]
[WhiteTeamCountry "RUS"]
[BlackTeamCountry "RUS"]

1. e4 c6 2. d4 d5 3. e5 Bf5 4. h4 h5 5. c4 e6 6. Nc3 Ne7 7. Nge2 dxc4 8. Ng3 Bg6 9. Bxc4 Nf5 10. Nxf5 Bxf5 11. Bg5 Be7 12. Qd2 Nd7 13. Bxe7 Qxe7 14. Bd3 0-0-0 15. Bxf5 exf5 16. Qe3 Nb6 17. 0-0-0 g6 18. Rd3 Rd7 19. g3 Rhd8 20. Rhd1 Qe6 21. Kb1 Kb8 22. Ne2 Nd5 23. Qd2 Qe7 24. a3 Nc7 25. Qc2 Ne6 26. Qc4 Rc7 27. Nc3 g5 28. hxg5 Qxg5 29. Qa4 Rcd7 30. Qc4 Qg4 31. f4 h4 32. gxh4 Nxf4 33. R3d2 Ne6 34. h5 Rh8 35. Qb4 Rxh5 36. d5 Qxb4 37. axb4 cxd5 38. Nxd5 f4 39. Rc1 Rh8 40. Rdd1 Rhd8 41. Nc3 Rxd1 42. Rxd1 Rxd1+ 43. Nxd1 Kc7 44. Kc2 Kc6 45. Nc3 f3 46. Kd2 Nf4 47. Ne4 Kd5 48. Ke3 Ng6 49. Nd6 Nxe5 50. Nxb7 Kc4 51. Nd6+ Kxb4 52. Ne4 Kb3 53. Kf4 f6 54. Kf5 Kxb2 55. Kxf6 Nd3 56. Kf5 f2 57. Ng3 a5 58. Ke4 Kc2 59. Nf1 a4 0-1

[Event "EU-ch (Women) 20th"]
[Site "Antalya"]
[Date "2019.04.20"]
[Round "9"]
[White "Chan, Naruna"]
[Black "Ilyuchyk, Yana"]
[Result "0-1"]
[WhiteElo "2004"]
[BlackElo "2152"]
[PlyCount "80"]
[EventDate "2019.04.11"]
[EventType "swiss"]
[EventRounds "11"]
[EventCountry "TUR"]
[SourceTitle "CBM 190"]
[Source "ChessBase"]
[SourceDate "2019.06.30"]
[SourceVersion "1"]
[SourceVersionDate "2019.06.30"]
[SourceQuality "1"]

1. e4 c5 2. c3 d5 3. exd5 Qxd5 4. d4 Nf6 5. Nf3 e6 6. Bd3 Be7 7. 0-0 0-0 8. Be3 b6 9. c4 Qd8 10. Nc3 cxd4 11. Nxd4 Bb7 12. Qe2 Nc6 13. Rad1 Qc8 14. Nf3 Qb8 15. Bg5 g6 16. Rfe1 Ng4 17. g3 Bxg5 18. Nxg5 Nf6 19. Nce4 Nxe4 20. Bxe4 Qc7 21. h4 Rad8 22. h5 Nd4 23. Qe3 Bxe4 24. Nxe4 Qe5 25. f4 Qh8 26. Rd2 Nf5 27. Qf2 gxh5 28. Red1 Rxd2 29. Rxd2 Qg7 30. Qf3 Kh8 31. Kh2 Rg8 32. Rg2 Qd4 33. Ng5 Rg7 34. Qxh5 Kg8 35. Qf3 Rg6 36. Nh3 Qxc4 37. Qd1 Ne3 38. Qd8+ Kg7 39. b3 Ng4+ 40. Kh1 Qf1+ 0-1

[Event "EU-ch (Women) 20th"]
[Site "Antalya"]
[Date "2019.04.19"]
[Round "8"]
[White "Chan, Naruna"]
[Black "Nemcova, Karin"]
[Result "1-0"]
[WhiteElo "2004"]
[BlackElo "2066"]
[PlyCount "65"]
[EventDate "2019.04.11"]
[EventType "swiss"]
[EventRounds "11"]
[EventCountry "TUR"]
[SourceTitle "CBM 190"]
[Source "ChessBase"]
[SourceDate "2019.06.30"]
[SourceVersion "1"]
[SourceVersionDate "2019.06.30"]
[SourceQuality "1"]

1. e4 c5 2. c3 Nf6 3. e5 Nd5 4. Nf3 Nc6 5. d4 cxd4 6. cxd4 d6 7. Bc4 dxe5 8. Nxe5 e6 9. 0-0 Be7 10. Nd2 Bf6 11. Ndf3 0-0 12. Nxc6 bxc6 13. Qe2 Qb6 14. Rd1 Rd8 15. Bd3 Rb8 16. Qe4 g6 17. h4 c5 18. Ne5 Bg7 19. Qf3 f6 20. Nc4 Qc7 21. h5 cxd4 22. hxg6 hxg6 23. Qg4 Ne7 24. Bd2 e5 25. Qg3 Kf7 26. Ba5 Qd7 27. Bxd8 Qxd8 28. Rac1 Be6 29. b3 Bd5 30. Re1 Qd7 31. f4 Bh6 32. fxe5 Bxc1 33. exf6 1-0

[Event "EU-ch (Women) 20th"]
[Site "Antalya"]
[Date "2019.04.15"]
[Round "5"]
[White "Petrova, Irina"]
[Black "Chan, Naruna"]
[Result "1-0"]
[WhiteElo "2164"]
[BlackElo "2004"]
[PlyCount "103"]
[EventDate "2019.04.11"]
[EventType "swiss"]
[EventRounds "11"]
[EventCountry "TUR"]
[SourceTitle "CBM 190"]
[Source "ChessBase"]
[SourceDate "2019.06.30"]
[SourceVersion "1"]
[SourceVersionDate "2019.06.30"]
[SourceQuality "1"]

1. d4 Nf6 2. Bg5 d5 3. Nc3 Nbd7 4. Nf3 e6 5. e4 dxe4 6. Nxe4 Be7 7. Bxf6 Nxf6 8. Nxf6+ Bxf6 9. c3 0-0 10. Bd3 Re8 11. Qc2 h6 12. Ne5 Bxe5 13. dxe5 Qg5 14. Qe2 Bd7 15. h4 Qf4 16. Be4 Bc6 17. Bxc6 bxc6 18. g3 Qf5 19. 0-0-0 Red8 20. f4 Rd5 21. c4 Ra5 22. b3 Rb8 23. Kb2 f6 24. Qd2 Ra4 25. g4 Qe4 26. Rhe1 Qg6 27. h5 Qf7 28. g5 fxg5 29. fxg5 Qxh5 30. gxh6 Qxh6 31. Qxh6 gxh6 32. Rg1+ Kh8 33. Rg6 Kh7 34. Rxe6 Rxc4 35. Rd7+ Kg8 36. Rg6+ Kf8 37. Rxh6 Rg4 38. e6 Kg8 39. e7 Kf7 40. Rd8 Rg8 41. Rxc6 a5 42. Rxc7 Re8 43. Ka3 Rb5 44. Rxe8 Kxe8 45. Ka4 Re5 46. Ra7 Re2 47. a3 Re5 48. Rxa5 Rxe7 49. Rd5 Ra7+ 50. Kb4 Rb7+ 51. Kc3 Rc7+ 52. Kb2 1-0

[Event "EU-ch (Women) 20th"]
[Site "Antalya"]
[Date "2019.04.14"]
[Round "4"]
[White "Rakhmangulova, Anastasiya"]
[Black "Chan, Naruna"]
[Result "1-0"]
[WhiteElo "2255"]
[BlackElo "2004"]
[PlyCount "81"]
[EventDate "2019.04.11"]
[EventType "swiss"]
[EventRounds "11"]
[EventCountry "TUR"]
[SourceTitle "CBM 190"]
[Source "ChessBase"]
[SourceDate "2019.06.30"]
[SourceVersion "1"]
[SourceVersionDate "2019.06.30"]
[SourceQuality "1"]

1. e4 e5 2. Nf3 Nc6 3. Bc4 Nf6 4. d3 Be7 5. Bb3 0-0 6. 0-0 d6 7. c3 Bg4 8. Nbd2 d5 9. h3 Bh5 10. Re1 dxe4 11. dxe4 Bc5 12. Qe2 Qe7 13. Nf1 Kh8 14. Ng3 Bg6 15. Bg5 h6 16. Bh4 Bd6 17. Nd2 Qd8 18. Ba4 Be7 19. Bxc6 bxc6 20. Rad1 Nd7 21. Bxe7 Qxe7 22. Nc4 Nb6 23. Ne3 Qe6 24. Qa6 f6 25. Rd2 Bf7 26. b3 Qc8 27. Qa5 Rd8 28. Red1 Rxd2 29. Rxd2 Be6 30. Ngf5 Qf8 31. Qa6 g6 32. Nh4 Qf7 33. Qb7 c5 34. Qc6 c4 35. bxc4 Rg8 36. c5 Nc8 37. Nd5 Rd8 38. Nxg6+ Kh7 39. Nxf6+ Kxg6 40. Rxd8 Qxf6 41. Rxc8 1-0

[Event "RUS-ch blitz (Women)"]
[Site "Sochi"]
[Date "2018.10.07"]
[Round "2.7"]
[White "Maltsevskaya, Aleksandra"]
[Black "Chan, Naruna"]
[Result "1-0"]
[WhiteElo "2290"]
[BlackElo "1967"]
[PlyCount "65"]
[EventDate "2018.10.07"]
[EventType "swiss (blitz)"]
[EventRounds "20"]
[EventCountry "RUS"]
[SourceTitle "CBM 186 Extra"]
[Source "ChessBase"]
[SourceDate "2018.08.24"]
[SourceVersion "1"]
[SourceVersionDate "2018.08.24"]
[SourceQuality "1"]

1. c4 e5 2. Nc3 Nc6 3. Nf3 d6 4. g3 f5 5. d3 Be7 6. Bg2 Nf6 7. 0-0 0-0 8. a3 a5 9. Rb1 Kh8 10. b4 axb4 11. axb4 Qe8 12. b5 Nb8 13. Nd2 Nbd7 14. Nb3 Nc5 15. Nxc5 dxc5 16. Nd5 Nxd5 17. cxd5 Bd7 18. b6 Qd8 19. bxc7 Qxc7 20. Qb3 Rfb8 21. Be3 Bd6 22. Qb6 Qxb6 23. Rxb6 Bc7 24. Rb2 b6 25. d6 Bxd6 26. Bxa8 Rxa8 27. Rxb6 Bf8 28. Rfb1 Kg8 29. Rb7 Be6 30. Rc7 Ra5 31. f3 h6 32. Rb8 Ra1+ 33. Kf2 1-0

[Event "RUS-chT (Women)"]
[Site "Sochi"]
[Date "2018.05.09"]
[Round "8.3"]
[White "Chan, Naruna"]
[Black "Shuvalova, Polina"]
[Result "0-1"]
[WhiteElo "1927"]
[BlackElo "2416"]
[PlyCount "106"]
[EventDate "2018.05.01"]
[EventType "team-tourn"]
[EventRounds "9"]
[EventCountry "RUS"]
[SourceTitle "CBM 184 Extra"]
[Source "ChessBase"]
[SourceDate "2018.06.28"]
[SourceVersion "1"]
[SourceVersionDate "2018.06.28"]
[SourceQuality "1"]
[WhiteTeam "Togliatti Bukavushki (W)"]
[BlackTeam "Moscow Legacy Square (W)"]
[WhiteTeamCountry "RUS"]
[BlackTeamCountry "RUS"]

1. e4 c5 2. Nf3 d6 3. Bb5+ Nd7 4. 0-0 a6 5. Bd3 g6 6. c3 Bg7 7. Bc2 Ne5 8. Nxe5 dxe5 9. a4 Nf6 10. d3 0-0 11. Nd2 Qc7 12. a5 Be6 13. Qe2 Bh6 14. Nf3 Bxc1 15. Rfxc1 Rad8 16. Rd1 Rc8 17. Qe3 Kg7 18. h3 h6 19. Ba4 Rfd8 20. Bc2 Nd7 21. Rd2 Nf6 22. Bd1 Bd7 23. Bb3 Be8 24. Rdd1 e6 25. Nd2 Bb5 26. Nc4 Bxc4 27. Bxc4 Ne8 28. Rf1 Rd7 29. f4 exf4 30. Rxf4 Qe5 31. Raf1 Nd6 32. Bb3 c4 33. Ba4 Re7 34. d4 Qxa5 35. Bd1 e5 36. Rf6 Ne8 37. R6f2 Qb6 38. Qf3 exd4 39. cxd4 Qxd4 40. Kh1 Rcc7 41. Re1 b5 42. e5 Re6 43. Re4 Qd5 44. Bc2 Rxe5 45. Rxe5 Qxe5 46. Re2 Qxb2 47. Bd1 Qa1 48. Rxe8 c3 49. Kh2 c2 50. Bxc2 Rxc2 51. Qa8 Qd4 52. Rg8+ Kh7 53. Qb8 Rf2 0-1

[Event "RUS-chT (Women)"]
[Site "Sochi"]
[Date "2018.05.07"]
[Round "6.3"]
[White "Belenkaya, Dina"]
[Black "Chan, Naruna"]
[Result "1-0"]
[WhiteElo "2297"]
[BlackElo "1927"]
[PlyCount "71"]
[EventDate "2018.05.01"]
[EventType "team-tourn"]
[EventRounds "9"]
[EventCountry "RUS"]
[SourceTitle "CBM 184 Extra"]
[Source "ChessBase"]
[SourceDate "2018.06.28"]
[SourceVersion "1"]
[SourceVersionDate "2018.06.28"]
[SourceQuality "1"]
[WhiteTeam "St Petersburg SHSH (W)"]
[BlackTeam "Togliatti Bukavushki (W)"]
[WhiteTeamCountry "RUS"]
[BlackTeamCountry "RUS"]

1. e4 c5 2. Nf3 Nc6 3. Bb5 e6 4. 0-0 Nge7 5. Re1 Nd4 6. Nxd4 cxd4 7. d3 a6 8. Ba4 b5 9. Bb3 Bb7 10. Bf4 Nc6 11. Nd2 Be7 12. Bg3 0-0 13. f4 d5 14. e5 Bh4 15. Qg4 Be7 16. Nf3 Bc8 17. Bf2 Bc5 18. Bh4 Be7 19. Bf2 Bc5 20. Ng5 Bd7 21. Kh1 h6 22. Nf3 Rc8 23. Rac1 a5 24. c3 a4 25. Bc2 Qb6 26. Bh4 Kh7 27. a3 Kh8 28. Qh3 Ne7 29. cxd4 Bxd4 30. Bxe7 Rfe8 31. Bg5 Kh7 32. Qh5 Rh8 33. Bb1 Rxc1 34. Rxc1 Kg8 35. Bd8 Qa7 36. Rc7 1-0